Biblioteca y Centro de Documentación

Boletín fiscal (Registro nro. 25899)

Detalles MARC
000 -CABECERA
Longitud fija campo de control 01156nas a2200373 c 4500
001 - NÚMERO DE CONTROL
Número de control 25899
003 - IDENTIFICADOR DE NÚMERO DE CONTROL
Identificador del número de control ES-MaCES
005 - FECHA Y HORA DE LA ÚLTIMA TRANSACCIÓN
Fecha y hora de la última transacción 20161019125329.0
008 - CAMPO FIJO DE DESCRIPCIÓN FIJA--INFORMACIÓN GENERAL
Códigos de información de longitud fija   010618u1996 sp br p 0 0spa d
017 ## - NÚMERO DE REGISTRO DE DERECHOS DE AUTOR Y DEPÓSITO LEGAL
Número de copyright o de depósito legal BI 104-1996
Agencia que asigna el número DL
022 0# - ISSN (INTERNATIONAL STANDARD SERIAL NUMBER)
Número Internacional Normalizado para Publicaciones Seriadas 1136-0275
035 ## - NÚMERO DE CONTROL DEL SISTEMA
Número de control del sistema CES20010000325p
040 ## - FUENTE DE CATALOGACIÓN
Centro catalogador de origen ES-MaCES
Lengua de catalogación spa
Centro transcriptor ES-MaCES
245 00 - MENCIÓN DE TÍTULO
Título Boletín fiscal
260 ## - PUBLICACIÓN, DISTRIBUCIÓN, ETC (PIE DE IMPRENTA)
Lugar de publicación, distribución, etc. Valencia
Nombre del editor, distribuidor, etc. CISS
Fecha de publicación, distribución, etc. [1996]-
300 ## - DESCRIPCIÓN FÍSICA
Extensión v.
Dimensiones 21 cm
310 ## - PERIODICIDAD ACTUAL DE LA PUBLICACIÓN
Periodicidad actual Quincenal
500 ## - NOTA GENERAL
Nota general Descripción basada en: 1999, n. 9 (1ª quincena mayo)
500 ## - NOTA GENERAL
Nota general Publ. adscrita a la suscripción de Avance normativo fiscal
500 ## - NOTA GENERAL
Nota general Tít. tomado del tít. de partida
541 ## - NOTA DE LA FUENTE INMEDIANTE DE ADQUISICIÓN
Forma de adquisición Gratuito
650 #4 - ASIENTO SECUNDARIO DE MATERIA--TÉRMINO DE MATERIA
Término de materia o nombre geográfico como elemento inicial España
9 (RLIN) 26964
650 #4 - ASIENTO SECUNDARIO DE MATERIA--TÉRMINO DE MATERIA
Término de materia o nombre geográfico como elemento inicial comentario
9 (RLIN) 28971
650 #4 - ASIENTO SECUNDARIO DE MATERIA--TÉRMINO DE MATERIA
Término de materia o nombre geográfico como elemento inicial legislación económica
9 (RLIN) 27161
650 #4 - ASIENTO SECUNDARIO DE MATERIA--TÉRMINO DE MATERIA
Término de materia o nombre geográfico como elemento inicial tributación
9 (RLIN) 28093
650 #4 - ASIENTO SECUNDARIO DE MATERIA--TÉRMINO DE MATERIA
Término de materia o nombre geográfico como elemento inicial administración fiscal
9 (RLIN) 27209
653 10 - TÉRMINO DE INDEXACIÓN--NO CONTROLADO
Término no controlado Fiscalidad
780 05 - ENTRADA ANTERIOR
Título Avance normativo fiscal CISS
Número de control del registro relacionado (ES-MaCES)25773
866 #0 - FUENTES TEXTUALES--UNIDAD BIBLIOGRÁFICA BÁSICA
Holdings textuales 1999-2012 (2013).
Nota pública Ubicación: DEPÓSITO - 55/936
905 ## - CES. DATOS REVISTA
Kardex NO
Proceso +
942 ## - ELEMENTOS KOHA
Fuente de clasificaión o esquema Clasificación propia del CES
Koha [por defecto] tipo de item Periódicas
Parte de clasificación Fiscalidad
Existencias
Serie de enumeración ; cronología Número de registro Préstamos totales Tipo de item de Koha
Los fascículos están disponibles en la biblioteca del CES 042650   Periódicas
Los fascículos están disponibles en la biblioteca del CES 042651   Periódicas
© CES, Consejo Económico y Social de España 2021